000 00806 a2200145 4500
005 20250505081500.0
020 _a1-55570-379-8
082 _aLECT 025.567 TEA
245 _aTeaching the New Library to Today's Users: reaching international, minority, senior citizens, gay/lesbian, first-generation college, at risk, graduate and returning students, and distance learners
260 _aLondon,
_bNeal-Schuman Publishers, Inc
_c2000.
300 _axxvi,256p.: ill.; tables.
_bindex,
_c23cm.
700 _aJACOBSON, T, E. & WILLIAMS, H, C.
856 _yOnline Access Book
_fTeaching the New Library to Today's Users: reaching international, minority, senior citizens, gay/lesbian, first-generation college, at risk, graduate and returning students, and distance learners
_dwww.neal-schuman.com
942 _2ddc
_cBKS
999 _c1885
_d1885